|
|
|
|
| LEADER |
00000cam a2200000 a 4500 |
| 001 |
vtls008455429 |
| 003 |
SK-MaSNL |
| 005 |
20260301021404.0 |
| 008 |
230501s1983 xxkb gr 001 mbeng |
| 015 |
|
|
|a SNBZSA1984
|
| 020 |
|
|
|a 0094650306
|q (brožované)
|
| 035 |
|
|
|a urn:nbn:sk:snk-am00ij9q
|
| 035 |
|
|
|a A75708F3-FA57-4350-AAA2-8C5DF1D73800
|
| 040 |
|
|
|a SNK
|b slo
|c SNK
|e AACR2
|
| 041 |
0 |
|
|a eng
|
| 044 |
|
|
|a xxk
|c GB
|
| 072 |
|
7 |
|a 929
|x Biografie
|2 konspekt
|
| 080 |
|
|
|a 929.731-055.2
|2 2011
|
| 080 |
|
|
|a 929(092)
|2 2011
|
| 100 |
1 |
|
|a Crankshaw, Edward,
|d 1909-1984
|4 aut
|9 310263
|
| 245 |
1 |
0 |
|a Maria Theresa
|c Edward Crankshaw
|
| 260 |
|
|
|a London
|b Longmans
|c 1983
|
| 300 |
|
|
|a 366 strán
|b mapy
|c 21 cm
|
| 504 |
|
|
|a Obsahuje register
|
| 600 |
0 |
7 |
|a Mária Terézia,
|c česká a uhorská kráľovna, cisárovná, manželka Františka Štefana I., rímskonemeckého cisára,
|d 1717-1780
|2 SNKMA
|9 124055
|
| 650 |
0 |
7 |
|a panovníčky
|2 SNKPH
|9 75499
|
| 650 |
0 |
7 |
|a Queens and empresses
|2 SNKPHeng
|9 305597
|
| 651 |
|
7 |
|a Habsburská monarchia (1526-1804)
|2 SNKPHgeo
|9 247372
|
| 655 |
|
7 |
|a biografie
|2 SNKPH
|9 27965
|
| 655 |
|
7 |
|a Biography
|2 SNKPHeng
|9 266314
|
| 852 |
|
|
|a Slovenská národná knižnica
|
| 919 |
|
|
|a 0 09 465030 6
|
| 954 |
|
|
|a odborná, vedecká literatúra cudzojazyčná (svetová)
|2 lita
|
| 958 |
|
|
|a OND
|
| 958 |
|
|
|a EUIPO
|
| 999 |
|
|
|c 565243
|d 567173
|
| 952 |
|
|
|a SNK
|b SNK
|y PREZ
|7 0
|p 17A0894120
|o snkSC 58130
|i snkV 3919/84
|8 2
|0 0
|1 0
|4 0
|d 2017-08-17
|f 1
|l 0
|r 2025-07-04 00:00:00
|w 2026-02-23
|